| 000 | 00478nam a2200157 u 4500 | ||
|---|---|---|---|
| 005 | 20210219163607.0 | ||
| 008 | 180620s2004 r 000 0 eng d | ||
| 020 | _a9789685163354 | ||
| 035 | _aUPN01000225627 | ||
| 100 | 1 |
_aSharma, Robin S., _d1964- |
|
| 245 | 1 | 3 |
_aEl monje que vendió su ferrari : _buna fábula espiritual, _cRobin S. Sharma. |
| 260 |
_aMéxico : _bCuántica Activa Audiolibros, _c2004. |
||
| 300 | _a2 CD-ROOM | ||
| 905 | _aAudiovisual | ||
| 999 |
_c197723 _d197723 |
||